ბათუმის შოთა რუსთაველის სახელმწიფო უნივერსიტეტის ბიბლიოთეკა

ზეცასთან მოუბარი. (ბიბ.ჩანაწერი № 40696)

000 -LEADER
fixed length control field 00786nam a2200229Ia 4500
001 - CONTROL NUMBER
control field 7331
003 - CONTROL NUMBER IDENTIFIER
control field GE_BSU
008 - FIXED-LENGTH DATA ELEMENTS--GENERAL INFORMATION
fixed length control field 181216s||||||||xx |||||||||||||| ||und||
040 ## - CATALOGING SOURCE
Transcribing agency GE_BSU
080 ## - UNIVERSAL DECIMAL CLASSIFICATION NUMBER
Universal Decimal Classification number 82-93: 821.353.1-311.6
100 ## - MAIN ENTRY--PERSONAL NAME
Personal name სურმანიძე რამაზ.
245 ## - TITLE STATEMENT
Title ზეცასთან მოუბარი.
245 ## - TITLE STATEMENT
Remainder of title (მცირე ისტორიული რომანი ყმაწვილთათვის)
245 ## - TITLE STATEMENT
Statement of responsibility, etc. რედ: ფრიდონ ხალვაში.
260 ## - PUBLICATION, DISTRIBUTION, ETC.
Place of publication, distribution, etc. ბათუმი.
260 ## - PUBLICATION, DISTRIBUTION, ETC.
Name of publisher, distributor, etc. შპს: "გამაპრინტი".
260 ## - PUBLICATION, DISTRIBUTION, ETC.
Date of publication, distribution, etc. 2012.
300 ## - PHYSICAL DESCRIPTION
Extent 124 გვ; 16 სმ.
300 ## - PHYSICAL DESCRIPTION
Other physical details ილ.
653 ## - INDEX TERM--UNCONTROLLED
Uncontrolled term ზეცასთან მოუბარი.
942 ## - ADDED ENTRY ELEMENTS (KOHA)
Koha item type წიგნი
ეგზემპლარები
Withdrawn status Lost status Damaged status Not for loan Date acquired Barcode Date last seen Price effective from Koha item type
        2018-12-17 18682 2018-12-17 2018-12-17 წიგნი